| 000 | 00566nam a2200181Ia 4500 | ||
|---|---|---|---|
| 008 | 090630s9999 xx 000 0 und d | ||
| 082 | _b4484 | ||
| 100 | _aभावे पु. भा. | ||
| 245 |
_aरक्त आणि अश्रू. _cभावे पु. भा. |
||
| 260 |
_b--- _c1958 |
||
| 300 | _a98 | ||
| 600 | _aभावे पु. भा. | ||
| 630 | _aरक्त आणि अश्रू. | ||
| 655 | _aलघुकथा. | ||
| 700 | _aभावे पु. भा. | ||
| 730 | _aरक्त आणि अश्रू. | ||
| 942 | _cBOOK | ||
| 999 |
_c256340 _d256340 |
||